000 00842nam a2200217Ia 4500
003 OSt
005 20250723154741.0
008 221004b |||||||| |||| 00| 0 hin d
020 _a9789380458229 (hbk)
037 _cTextual
040 _aCRL
_cCRL
_bhin
041 _2hin
_ahin
100 _aपुष्पपाल सिंह
_9816346
245 0 _aसमकालीन कहानी नया परिप्रेक्ष्य
246 _aSamakālīn kahānī nayā pariprekṣhya
260 _aनई दिल्ली
_bसामयिक बुक्स भारत
_c2011
300 _a477पृ0
_ccm.
650 _aहिन्दी साहित्य
942 _hO152,3:gN, Q1
_cTB
_2cc
_n0
999 _c1016937
_d1016937